Catálogo
 En Linea

Doctrina jurídico-teológica del matrimonio / (Registro nro. 25911)

Detalles MARC
000 -CABECERA
campo de control de longitud fija 01336nam a2200265 a 4500
001 - NÚMERO DE CONTROL
campo de control 000026419
005 - FECHA Y HORA DE LA ÚLTIMA TRANSACCIÓN
campo de control 20210819112332.0
008 - DATOS DE LONGITUD FIJA--INFORMACIÓN GENERAL
campo de control de longitud fija 110317s1991 dr 001 0 spa d
040 ## - FUENTE DE LA CATALOGACIÓN
Centro catalogador/agencia de origen DO-SdBNP
Lengua de catalogación spa
Centro/agencia transcriptor BNPHU
082 ## - NÚMERO DE LA CLASIFICACIÓN DECIMAL DEWEY
Número de clasificación 234.165
Número de documento/Ítem S232d
100 ## - ENTRADA PRINCIPAL--NOMBRE DE PERSONA
Nombre de persona Santana Marcano, Miguel Ángel,
Fechas asociadas al nombre 1967-
9 (RLIN) 48937
245 10 - MENCIÓN DE TÍTULO
Título Doctrina jurídico-teológica del matrimonio /
Mención de responsabilidad, etc. Miguel Ángel Santana Marcano.
246 10 - FORMA VARIANTE DE TÍTULO
Título propio/Titulo breve Doctrina jurídico-teológica del matrimonio :
Resto del título contrato-sacramento desde Graciano hasta el Concilio de Trento inclusive.
260 ## - PUBLICACIÓN, DISTRIBUCIÓN, ETC.
Lugar de publicación, distribución, etc. Santo Domingo :
Nombre del editor, distribuidor, etc. [s.n.],
Fecha de publicación, distribución, etc. 1991.
300 ## - DESCRIPCIÓN FÍSICA
Extensión 139 p. ;
Dimensiones 23 cm.
500 ## - NOTA GENERAL
Nota general Incluye bibliografía y notas al pie de las páginas.
504 ## - NOTA DE BIBLIOGRAFÍA, ETC.
Nota de bibliografía, etc. Bibliografía : p. 124-140.
505 0# - NOTA DE CONTENIDO CON FORMATO
Título Doctrina jurídico teológica del matrimonio contrato-sacramento desde Graciano hasta Duns Scoto --
-- Doctrina jurídico teológica del matrimonio contrato-sacramento desde Duns Scoto hasta el Concilio de Trento inclusive
590 ## - NOTA LOCAL (RLIN)
Nota local Inventariado, 2019/MFF
650 #4 - PUNTO DE ACCESO ADICIONAL DE MATERIA--TÉRMINO DE MATERIA
Término de materia o nombre geográfico como elemento de entrada Matrimonio
Subdivisión general Legislación
Subdivisión de forma ENSAYOS, CONFERENCIAS, ETC.
9 (RLIN) 53462
650 #4 - PUNTO DE ACCESO ADICIONAL DE MATERIA--TÉRMINO DE MATERIA
Término de materia o nombre geográfico como elemento de entrada Matrimonio
Subdivisión general Historia
Subdivisión de forma ENSAYOS, CONFERENCIAS, ETC.
9 (RLIN) 53463
650 #4 - PUNTO DE ACCESO ADICIONAL DE MATERIA--TÉRMINO DE MATERIA
Término de materia o nombre geográfico como elemento de entrada Matrimonio
Subdivisión general Aspectos religiosos
Subdivisión de forma ENSAYOS, CONFERENCIAS, ETC.
9 (RLIN) 53464
650 #4 - PUNTO DE ACCESO ADICIONAL DE MATERIA--TÉRMINO DE MATERIA
Término de materia o nombre geográfico como elemento de entrada Familia
Subdivisión de forma ENSAYOS, CONFERENCIAS, ETC.
9 (RLIN) 1029
910 ## - DATOS DE OPCIÓN DEL USUARIO (OCLC)
Datos de opción del usuario Validado. Control de calidad. EMS
Existencias
Estado de retiro Estado de pérdida Restricciones de uso No para préstamo Código de colección Localización permanente Ubicación/localización actual Ubicación en estantería Fecha de adquisición Número de inventario Total de préstamos Signatura topográfica completa Código de barras Fecha visto por última vez Número de copia Precio válido a partir de Tipo de ítem Koha Nota pública
        Dominicana de Servicio General General Depósito 13.07.2011 LF1   234.165 S232d 26419-30 25.06.2020 e.3 25.06.2020 Libro y Folleto Colección Dominicana de Servicio  
        Dominicana de Servicio General General Depósito 31.07.2019 LF1   234.165 S232d 26419-40 25.06.2020 e.4 25.06.2020 Libro y Folleto Colección Dominicana de Servicio Perteneció a la biblioteca personal de Rafael Grullón.
      Excluido de préstamo Patrimonio Dominicano Patrimonio Dominicano Patrimonio Dominicano Depósito 13.07.2011 LF1   234.165 S232d 26419-10 25.06.2020   25.06.2020 Libro y Folleto Colección Patrimonio Dominicano  
      Excluido de préstamo Patrimonio Dominicano Patrimonio Dominicano Patrimonio Dominicano Depósito 13.07.2011 LF1   234.165 S232d 26419-20 25.06.2020 e.2 25.06.2020 Libro y Folleto Colección Patrimonio Dominicano  

Con tecnología Koha